Loading...
Rigveda pravesika
| Main Author: | |
|---|---|
| Format: | Printed Book |
| Published: |
1988
|
| LEADER | 003510000a22001090004500 | ||
|---|---|---|---|
| 040 | |a MAL | ||
| 082 | |a 294.592 12 32 M8 | ||
| 100 | |a Vedabandhu | ||
| 245 | |a Rigveda pravesika | ||
| 260 | |c 1988 | ||
| 999 | |c 25902 |d 25902 | ||
| 952 | |0 0 |1 0 |4 0 |6 294_592000000000000_12_32_M8 |7 0 |8 MAL |9 25738 |a MGUL |b MGUL |d 2013-07-16 |l 1 |o 294.592 12 32 M8 |p 09186 |r 2015-07-17 |s 2015-07-11 |w 2013-07-16 |y BK | ||